Biblioteca

Historia de la filosofía griega (Registro nro. 31603)

Detalles MARC
000 -LÍDER
Campo fijo de descripción fija 010620000a22002530004500
001 - NÚMERO DE CONTROL
Campo de control 47
003 - IDENTIFICADOR DEL NÚMERO DE CONTROL
Campo de control CO-MdFUSB
005 - FECHA Y HORA DE LA ULTIMA TRANSACCIÓN
control field 20160513145033.0
008 - ELEMENTOS DE LONGITUD FIJA -- INFORMACIÓN GENERAL
Campo fijo de descripción fija -- Información general 160513t1991 sp ||||f |||| 00| 0 spa d
020 ## - NÚMERO INTERNACIONAL NORMALIZADO PARA LIBROS
Número Internacional Normalizado del libro 84-249-0947-X
040 ## - FUENTE DE CATALOGACIÓN
Agencia de catalogación original CO-MdFUSB
Idioma de catalogación Español
Agencia que realiza la transcripción CO-MdBIC
Agencia que realiza la modificación CO-MdFUSB
041 0# - CÓDIGO DE IDIOMA
Código de idioma para texto/pista de sonido o título separado spa
082 04 - NÚMERO DE CLASIFICACIÓN DECIMAL DEWEY
Número de clasificación R 180.938 G9841h
100 1# - ASIENTO PRINCIPAL--NOMBRE PERSONAL
Nombre personal Guthrie, W. K. C. (William Keith Chambers) (1906- )
245 10 - TÍTULO
Título del Material Historia de la filosofía griega
Mención de responsabilidad, etc. / W.K. C. Gutherie; versión española de Alberto Medina González
264 ## - PRODUCCIÓN, PUBLICACIÓN, DISTRIBUCIÓN, MANUFACTURA, Y COPYRIGHT
Lugar de producción, publicación, distribución, manufactura Madrid, España
Nombre del productor, publicador, distribuidor : Gredos,
Fecha de producción, publicación, distribución, manufactura, o copyright 1991
300 ## - DESCRIPCIÓN FÍSICA
Extensión 525 Pag.
336 ## - TIPO DE CONTENIDO
Fuente rdacontent
Término de tipo de contenido
Código de tipo de contenido
337 ## - TIPO DE MEDIO
Fuente rdamedia
Nombre del tipo de medio
Código del tipo de medio
338 ## - TIPO DE SOPORTE
Fuente rdacarrier
Nombre del tipo de soporte
Código Tipo de soporte
505 00 - NOTA DE CONTENIDO
Nota de contenido con formato preestablecido Vol. 1 Los primeros presocráticos y los pitagóricos. Vol. 2 La tradición presocrática desde Parménides a Demócrito. Vol. 3 Siglo V. Ilustración. Vol. 4 Platón. El hombre y sus diálogos: Primera época. Vol. 5 Platón: Segunda época y la academia. Vol. 6 Introducción a Aristóteles.
653 ## - TÉRMINO DE INDIZACIÓN - NO CONTROLADO
Término no controlado FILOSOFIA - HISTORIA
-- \ FILOSOFIA ANTIGUA
942 ## - TIPO DE MATERIAL (KOHA)
Tipo de Item KOHA Libros General
Existencias
Estado de Material Estado de Perdido Forma de Clasificación Estado de Dañado No para Préstamo Colección Tomo Biblioteca de Origen Biblioteca Permanente Fecha de Adquisición Total de Préstamos Signatura Topográfica Código de Barras Última vez visto Ejemplar/Existencia Fecha de Remplazo Tipo de Material
    Dewey Decimal Classification     Colección de Referencia   Biblioteca FUSBC Biblioteca FUSBC 23/08/2004   R 180.938 G9841h 7760 12/12/2019 Vol. 1, ej. 1 26/01/2016 Libros de Referencia
    Dewey Decimal Classification     Colección de Referencia   Biblioteca FUSBC Biblioteca FUSBC 23/08/2004   R 180.938 G9841h 7765 12/12/2019 Vol. 6, ej. 1 26/01/2016 Libros de Referencia
    Dewey Decimal Classification     Colección de Referencia   Biblioteca FUSBC Biblioteca FUSBC 23/08/2004   R 180.938 G9841h 7764 12/12/2019 Vol. 5, ej. 1 26/01/2016 Libros de Referencia
    Dewey Decimal Classification     Colección de Referencia   Biblioteca FUSBC Biblioteca FUSBC 23/08/2004   R 180.938 G9841h 7763 12/12/2019 Vol 4, ej. 1 26/01/2016 Libros de Referencia
    Dewey Decimal Classification     Colección de Referencia   Biblioteca FUSBC Biblioteca FUSBC 23/08/2004   R 180.938 G9841h 7762 12/12/2019 Vol. 3, ej. 1 26/01/2016 Libros de Referencia
    Dewey Decimal Classification     Colección de Referencia   Biblioteca FUSBC Biblioteca FUSBC 23/08/2004   R 180.938 G9841h 7761 12/12/2019 Vol. 2, ej. 1 26/01/2016 Libros de Referencia

Biblioteca FUSBC | Teléfono: (57+4) 349 88 10 Ext. 141| WhatsApp (+57) 3005338115 
E-mail: biblioteca@unisbc.edu.co | Calle 76 87-14 Robledo Palenque, Medellín, Colombia

Con tecnología Koha